000 00493nmm a2200169Ia 4500
008 251105s9999||||xx |||||||||||||||||und||
020 _a9789587731460
041 _aspa
100 _aEspaña, Gonzalo
245 0 _aLa Venganza de Nicolás Bravo y Otros Relatos
264 _a[Madrid, España] :
_bGrupo SM,
_c2014
300 _a116 páginas
490 _aEl Barco de Vapor Roja
650 _aAges 9-12 Years Old
856 _uhttps://public.digitaliapublishing.com/a/86384
942 _cCF
999 _c96288
_d96288